000 01174cam a2200253 4500
001 RV123633
008 030916n2003 000 0 eng u
035 _a(Sirsi) u123633
100 _aSweek, Chenna
245 _aR741
_bvaluation and commercial property review
260 _aLondon
_bRICS
_c2003
490 _aRICS Abstracts and Reviews
_v39 (4) April 2003, 17-20(4)
490 _aRICS Library and Information Services Review
520 _aReading list covering some of the issues affecting the valuation of commercial property. Includes guidance, valuation standards (UK, European and international) and valuation methodology. Gives details of books, articles, property market reports and relevant websites. Available from the RICS Library, price £4.
650 _aVALUATION STANDARDS
650 _aVALUATION METHODOLOGY
650 _aValuation
_96273
650 _aPROPERTY-COMMERCIAL PROPERTY
650 _aREADING LISTS
690 _aVALUATION AND INVESTMENT APPRAISAL-COMMERCIAL
710 _aRoyal Institution of Chartered Surveyors
_bLibrary and Information Services
_94634
710 _aRoyal Institution of Chartered Surveyors
_94900
942 _n0
999 _c103077
_d103077